|
|
|
|
| LEADER |
00000nam a2200000 a 4500 |
| 001 |
vtls008161219 |
| 003 |
SK-MaSNL |
| 005 |
20260302022911.0 |
| 008 |
240314 000 0 eng |
| 040 |
|
|
|a SNK
|b slo
|c SNK
|e AACR2
|
| 100 |
1 |
|
|a [Koch, János]
|4 aut
|9 668995
|
| 245 |
1 |
0 |
|a Bezdanská mátoha
|b (rozprávka)
|
| 260 |
|
|
|a Budapeššť
|b [Koloman Róža a manželka]
|c 1896
|
| 300 |
|
|
|a 8 s.
|
| 999 |
|
|
|c 1034539
|d 1036469
|
| 952 |
|
|
|a SNK
|b SNK
|y PREZ
|7 0
|p 17A0880925
|o snkSD 1768/11
|i snk1427/29
|0 0
|1 0
|4 0
|d 2021-05-12
|l 0
|r 2025-10-27 00:00:00
|w 2026-02-24
|
| 952 |
|
|
|a SNK
|b SNK
|y PREZ
|7 0
|p 17A0473094
|o snkSD 1768/11 D1
|i snkKSF 1747/58
|8 5
|0 0
|1 0
|4 0
|d 2021-05-12
|l 0
|r 2026-02-24 14:05:08
|w 2026-02-24
|